000 00292nam a22001337a 4500
008 171012b xxu||||| |||| 00| 0 eng d
020 _a9780816636976
041 _aeng
080 _a317
100 _a50
101 _aSOC
245 _aNAZI PSTYCHOANALYSIS
_cRICKELS.L.A
942 _2udc
_cBK
999 _c33369
_d33369